[Event "FESTIVAL DE AJEDREZ DE ROQUETAS DE MAR |"]
[Site "Hotel Bahia Serena (Roquetas d"]
[Date "2013.01.03"]
[Round "3"]
[White "ENCHEV, Ivajlo"]
[Black "BAS MAS, Jose Joaquin"]
[Result "1-0"]
[WhiteElo "2429"]
[BlackElo "2229"]
[PlyCount "211"]
[EventDate "2013.01.02"]
[EventRounds "9"]
[EventCountry "ESP"]

1. d4 Nf6 2. c4 c5 3. d5 b5 4. cxb5 a6 5. b6 d6 6. Nc3 Nbd7 7. a4 Nxb6 8. a5
Nbd7 9. Nf3 g6 10. e4 Bg7 11. Bc4 O-O 12. O-O Ne8 13. Bf4 Rb8 14. Qd2 Rb4 15.
b3 Nc7 16. Bh6 f5 17. Bxg7 Kxg7 18. Rfe1 fxe4 19. Rxe4 Rxf3 20. gxf3 Nf6 21.
Re2 Rb7 22. Rae1 Nb5 23. Bxb5 axb5 24. a6 Rd7 25. Ne4 Nxe4 26. Rxe4 Bxa6 27.
Re6 Qf8 28. Qg5 Kf7 29. Qf4+ Kg8 30. Qe4 Bb7 31. Rxg6+ hxg6 32. Qe6+ Qf7 33.
Qxd7 Qxf3 34. Qe8+ Kg7 35. Qxe7+ Kh6 36. Qh4+ Qh5 37. Qxh5+ Kxh5 38. Re6 Bxd5
39. Rxd6 Bxb3 40. Rc6 c4 41. Rc5+ Kg4 42. Rxb5 Bc2 43. Re5 Bd3 44. Re3 g5 45.
Kg2 Kf4 46. h3 Be4+ 47. Kf1 Bd3+ 48. Ke1 Be4 49. Kd2 Bf5 50. Kc3 Bd3 51. Rg3
Be2 52. Kd4 Kf5 53. Re3 Bf1 54. Rf3+ Ke6 55. Rf8 Bxh3 56. Kxc4 Ke5 57. Kd3 Be6
58. Ke3 Bd5 59. Rb8 Bc6 60. Rc8 Bb7 61. Rc5+ Kf6 62. Kd4 Ba8 63. Rc8 Bb7 64.
Rf8+ Ke6 65. Re8+ Kf5 66. Rf8+ Ke6 67. Rb8 Bg2 68. Rg8 Kf5 69. Rf8+ Ke6 70.
Re8+ Kf5 71. Re3 Ba8 72. Ra3 Bg2 73. Rg3 Ba8 74. Kc5 Kf4 75. Kd6 Bf3 76. Ke6 g4
77. Kf6 Be4 78. Ra3 Bc2 79. Rc3 Bd1 80. Kg6 Be2 81. Rg3 Bd1 82. Kh5 Be2 83. Kh4
Bf3 84. Rg1 Be2 85. Rg3 Bf3 86. Kh5 Be2 87. Kg6 Bf3 88. Kf6 Bd1 89. Kg6 Bf3 90.
Kh6 Kf5 91. Kh5 Kf4 92. Kh4 Kf5 93. Rg1 Kf4 94. Re1 Bd5 95. Re3 Bc6 96. Re6 Bf3
97. Rf6+ Ke5 98. Rf8 Ke4 99. Kg3 Ke5 100. Rf4 Ke6 101. Rxg4 Bxg4 102. Kxg4 Ke5
103. Kg5 Ke6 104. f4 Kf7 105. Kf5 Kg7 106. Ke6 1-0

[Event "FESTIVAL DE AJEDREZ DE ROQUETAS DE MAR |"]
[Site "Hotel Bahia Serena (Roquetas d"]
[Date "2013.01.04"]
[Round "4"]
[White "KHAMRAKULOV, Ibragim S"]
[Black "DEL RIO DE ANGELIS, Salvador G"]
[Result "1/2-1/2"]
[WhiteElo "2509"]
[BlackElo "2471"]
[PlyCount "71"]
[EventDate "2013.01.02"]
[EventRounds "9"]
[EventCountry "ESP"]

1. e4 d6 2. d4 Nf6 3. Nc3 g6 4. Nf3 Bg7 5. Be2 O-O 6. O-O Nc6 7. d5 Ne5 8. Nd4
c5 9. Nb3 a6 10. a4 Ne8 11. f4 Nd7 12. g4 e6 13. dxe6 fxe6 14. Be3 Qh4 15. g5
h6 16. Bg4 hxg5 17. Bxe6+ Kh8 18. Rf3 Nb6 19. Rh3 Bxe6 20. Rxh4+ gxh4 21. Nd2
Nf6 22. h3 Rae8 23. a5 Nc4 24. Nxc4 Bxc4 25. Qxd6 Nxe4 26. Nxe4 Rxe4 27. Ra4
Rxe3 28. Rxc4 Rfe8 29. f5 Re1+ 30. Kg2 R8e2+ 31. Kf3 Re3+ 32. Kg2 R3e2+ 33. Kf3
Re3+ 34. Kf2 R3e2+ 35. Kf3 Re3+ 36. Kg2 1/2-1/2

[Event "FESTIVAL DE AJEDREZ DE ROQUETAS DE MAR |"]
[Site "Hotel Bahia Serena (Roquetas d"]
[Date "2013.01.04"]
[Round "4"]
[White "PEREZ MITJANS, Orelvis"]
[Black "DAS, Arghyadip"]
[Result "0-1"]
[WhiteElo "2496"]
[BlackElo "2466"]
[PlyCount "78"]
[EventDate "2013.01.02"]
[EventRounds "9"]
[EventCountry "ESP"]

1. e4 e6 2. d4 d5 3. Nd2 Nf6 4. e5 Nfd7 5. Bd3 c5 6. c3 Nc6 7. Ne2 cxd4 8. cxd4
f6 9. exf6 Nxf6 10. O-O Bd6 11. Nf3 Qc7 12. Nc3 a6 13. Bg5 O-O 14. Bh4 Nh5 15.
Bg3 Nxg3 16. hxg3 g6 17. Rc1 Qg7 18. Be2 g5 19. Na4 Bd7 20. Nb6 Rad8 21. Qd3 g4
22. Nh2 h5 23. Rcd1 Be8 24. Qe3 Bf7 25. Rd2 Be7 26. Rfd1 Bg5 27. Qc3 Bxd2 28.
Qxd2 e5 29. dxe5 Nxe5 30. b3 d4 31. Re1 Qf6 32. Bd1 Bg6 33. Na4 Nd3 34. Re2 b5
35. Bc2 Nc1 36. Qxc1 d3 37. Rd2 dxc2 38. Nc5 Rxd2 39. Qxd2 Qa1+ 0-1

[Event "FESTIVAL DE AJEDREZ DE ROQUETAS DE MAR |"]
[Site "Hotel Bahia Serena (Roquetas d"]
[Date "2013.01.04"]
[Round "4"]
[White "PLASKETT, H James"]
[Black "ENCHEV, Ivajlo"]
[Result "1-0"]
[WhiteElo "2495"]
[BlackElo "2429"]
[PlyCount "66"]
[EventDate "2013.01.02"]
[EventRounds "9"]
[EventCountry "ESP"]

1. e4 e5 2. Nf3 Nc6 3. Bb5 a6 4. Ba4 Nf6 5. O-O Be7 6. Qe2 b5 7. Bb3 d6 8. c3
O-O 9. d4 exd4 10. cxd4 Bg4 11. Rd1 d5 12. exd5 Nxd5 13. Nc3 Nxc3 14. bxc3 Bh5
15. Bc2 Na5 16. a4 c6 17. d5 Bf6 18. dxc6 Qb6 19. axb5 axb5 20. Bxh7+ Kh8 21.
Be4 Bxc3 22. Rd5 f5 23. Rxb5 Qa6 24. Bd3 Bxa1 25. Rxf5 Rxf5 26. Bxa6 Rc5 27.
Be3 Rxc6 28. Bd3 Rac8 29. h3 Nc4 30. g4 Be8 31. Bd4 Bxd4 32. Nxd4 Rc5 33. Qe7
R8c7 1-0

[Event "FESTIVAL DE AJEDREZ DE ROQUETAS DE MAR |"]
[Site "Hotel Bahia Serena (Roquetas d"]
[Date "2013.01.04"]
[Round "4"]
[White "JANEV, Tihomir"]
[Black "NARCISO DUBLAN, Marc"]
[Result "1-0"]
[WhiteElo "2413"]
[BlackElo "2549"]
[PlyCount "93"]
[EventDate "2013.01.02"]
[EventRounds "9"]
[EventCountry "ESP"]

1. d4 Nf6 2. c4 e6 3. g3 d5 4. Bg2 g6 5. Nc3 Bg7 6. Bg5 c6 7. e4 h6 8. Bxf6
Qxf6 9. Nf3 dxc4 10. e5 Qe7 11. Nd2 O-O 12. Nxc4 c5 13. d5 exd5 14. Nxd5 Qd8
15. O-O Nc6 16. f4 Be6 17. Re1 Rb8 18. Rc1 b6 19. Nf6+ Bxf6 20. Bxc6 Be7 21.
Nd6 Bxd6 22. exd6 Qf6 23. Bd5 Bh3 24. Rc3 Rbd8 25. Rd3 h5 26. Qd2 Kg7 27. Bg2
Bf5 28. Be4 Bh3 29. Bg2 Bf5 30. Be4 Bc8 31. d7 Bxd7 32. Rxd7 Rxd7 33. Qxd7 Qxb2
34. f5 Qd4+ 35. Qxd4+ cxd4 36. Bd3 Rc8 37. Re4 Rc1+ 38. Kg2 Rd1 39. Rxd4 Rd2+
40. Kf3 g5 41. Rd6 Rxa2 42. f6+ Kh6 43. h3 Ra4 44. g4 Rf4+ 45. Kg3 h4+ 46. Kg2
a5 47. Bf5 1-0

[Event "FESTIVAL DE AJEDREZ DE ROQUETAS DE MAR |"]
[Site "Hotel Bahia Serena (Roquetas d"]
[Date "2013.01.04"]
[Round "4"]
[White "ALOMA VIDAL, Robert"]
[Black "MIRZOEV, Azer"]
[Result "0-1"]
[WhiteElo "2389"]
[BlackElo "2547"]
[PlyCount "138"]
[EventDate "2013.01.02"]
[EventRounds "9"]
[EventCountry "ESP"]

1. d4 d5 2. c4 c6 3. Nf3 Nf6 4. Nc3 a6 5. cxd5 cxd5 6. Bf4 Nc6 7. Rc1 Nh5 8.
Bd2 e6 9. e3 Nf6 10. Bd3 Bd6 11. O-O O-O 12. h3 h6 13. a3 Bd7 14. b4 Rc8 15.
Qb3 Qe7 16. Rfe1 Rfd8 17. e4 dxe4 18. Nxe4 Nd5 19. Bb1 Bf4 20. Qd3 Bxd2 21.
Nfxd2 Be8 22. Nc4 g6 23. Qd2 Kg7 24. Qb2 Rc7 25. Ba2 Nb8 26. Ne3 Rxc1 27. Rxc1
Bc6 28. Nxd5 Bxd5 29. Bxd5 exd5 30. Nc5 Nc6 31. Qd2 Na7 32. Re1 Qc7 33. Qe3 Nc6
34. g3 Qc8 35. Kg2 b6 36. Na4 Qb7 37. Rb1 Rd6 38. Qd3 Rf6 39. Re1 h5 40. Re3
Ne7 41. Re5 Nf5 42. Nc3 Rd6 43. Nd1 a5 44. Ne3 Ne7 45. Nc2 Nc6 46. Re3 Qd7 47.
Rf3 h4 48. g4 Re6 49. Re3 Nd8 50. bxa5 bxa5 51. f4 Rf6 52. Rf3 Ne6 53. Qd2 Qe8
54. f5 Nf8 55. Ne3 Qd8 56. Qf2 g5 57. Nf1 Nh7 58. Qe1 Rb6 59. Qe5+ Nf6 60. Ne3
Rb2+ 61. Rf2 Rb7 62. Nc2 Re7 63. Qh2 Qb6 64. Qg1 Qb3 65. Kh2 Rc7 66. Qg2 Rc3
67. Re2 a4 68. Ne1 Qxa3 69. Ra2 Rxh3+ 0-1

[Event "FESTIVAL DE AJEDREZ DE ROQUETAS DE MAR |"]
[Site "Hotel Bahia Serena (Roquetas d"]
[Date "2013.01.04"]
[Round "4"]
[White "RZAYEV, Bahruz"]
[Black "IBARRA JEREZ, Jose Carlos"]
[Result "0-1"]
[WhiteElo "2370"]
[BlackElo "2538"]
[PlyCount "68"]
[EventDate "2013.01.02"]
[EventRounds "9"]
[EventCountry "ESP"]

1. e4 c5 2. b3 b6 3. Bb2 Bb7 4. Nc3 e6 5. f4 a6 6. Qe2 Qc7 7. g3 Nc6 8. Nf3 Nf6
9. Bg2 d6 10. O-O-O Be7 11. h3 b5 12. g4 Nd4 13. Nxd4 cxd4 14. Nb1 Rc8 15. d3
e5 16. Bf3 g5 17. fxg5 Nxe4 18. c4 Bxg5+ 19. Kc2 Ng3 20. Qg2 Bxf3 21. Qxf3 Nxh1
22. Qf5 h6 23. Rxh1 Qd7 24. Qf2 bxc4 25. dxc4 Qe6 26. Ba3 d5 27. Kb2 dxc4 28.
bxc4 Be3 29. Qg3 Rxc4 30. Rf1 Kd7 31. Rxf7+ Qxf7 32. Qxe5 Re8 33. Qd6+ Kc8 34.
Ka1 Qe6 0-1

[Event "FESTIVAL DE AJEDREZ DE ROQUETAS DE MAR |"]
[Site "Hotel Bahia Serena (Roquetas d"]
[Date "2013.01.04"]
[Round "4"]
[White "SILVA RODRIGUEZ, Julio"]
[Black "LOPEZ MARTINEZ, Josep Manuel"]
[Result "0-1"]
[WhiteElo "2159"]
[BlackElo "2499"]
[PlyCount "78"]
[EventDate "2013.01.02"]
[EventRounds "9"]
[EventCountry "ESP"]

1. e4 c5 2. Nf3 e6 3. Nc3 a6 4. d4 cxd4 5. Nxd4 d6 6. Be2 Qc7 7. O-O b5 8. f4
Bb7 9. Bf3 Nd7 10. Re1 Be7 11. Kh1 b4 12. Na4 Ngf6 13. c3 Nc5 14. e5 dxe5 15.
fxe5 Nd5 16. cxb4 Nxb4 17. Nxc5 Bxc5 18. Qa4+ Kf8 19. Bxb7 Qxb7 20. Be3 Bxd4
21. Bxd4 Nd5 22. Bc5+ Kg8 23. Rf1 h5 24. Rf3 Rh7 25. Raf1 g5 26. Rb3 Qc8 27.
Bd6 Rg7 28. Rh3 h4 29. Qe4 Qd7 30. g3 Qb5 31. Rg1 Rc8 32. gxh4 Rc4 33. Qg2 g4
34. Rb3 Qc6 35. Rb8+ Kh7 36. b3 Rf4 37. h5 Rf3 38. h6 Rg6 39. Rf8 Kxh6 0-1

[Event "FESTIVAL DE AJEDREZ DE ROQUETAS DE MAR |"]
[Site "Hotel Bahia Serena (Roquetas d"]
[Date "2013.01.04"]
[Round "4"]
[White "ROY CHOWDHURY, Saptarshi"]
[Black "BELEZKY, Alexander"]
[Result "1/2-1/2"]
[WhiteElo "2451"]
[BlackElo "2427"]
[PlyCount "87"]
[EventDate "2013.01.02"]
[EventRounds "9"]
[EventCountry "ESP"]

1. e4 e6 2. Qe2 Nf6 3. Nf3 Be7 4. g3 d5 5. e5 Nfd7 6. Bg2 c5 7. O-O Nc6 8. d3
b5 9. h4 h6 10. Re1 Ba6 11. a3 c4 12. d4 Qb6 13. c3 Na5 14. Nbd2 O-O-O 15. Nh2
h5 16. Nhf1 Rdg8 17. f4 g6 18. Ne3 Bb7 19. Rb1 Qa6 20. Bf1 Bc6 21. Nf3 Nb3 22.
Nd2 Na5 23. Bh3 Kc7 24. Nf3 Rg7 25. Rf1 Nb3 26. Ng5 Ba8 27. Nc2 Qb6 28. Be3 a5
29. Na1 Nxa1 30. Rxa1 Qc6 31. Kh2 Nb6 32. Qc2 Qd7 33. Rf2 Bd8 34. Re1 Bc6 35.
Bf1 Qe7 36. Bd2 Qd7 37. Bh3 Qe7 38. Re3 Bd7 39. Be1 Qe8 40. Rf1 Be7 41. Kg2 Bd8
42. Kh2 Be7 43. Kg2 Bd8 44. Kh2 1/2-1/2

[Event "FESTIVAL DE AJEDREZ DE ROQUETAS DE MAR |"]
[Site "Hotel Bahia Serena (Roquetas d"]
[Date "2013.01.04"]
[Round "4"]
[White "CAMACHO COLLADOS, Marcos"]
[Black "SANTOS RUIZ, Miguel"]
[Result "1-0"]
[WhiteElo "2428"]
[BlackElo "2078"]
[PlyCount "119"]
[EventDate "2013.01.02"]
[EventRounds "9"]
[EventCountry "ESP"]

1. d4 Nf6 2. Nf3 b6 3. Bf4 e6 4. e3 Be7 5. Nbd2 Bb7 6. c3 c5 7. Bd3 Nc6 8. h3
O-O 9. O-O d6 10. Qe2 a6 11. Rfd1 cxd4 12. exd4 b5 13. Rac1 Qb6 14. Bg3 Rac8
15. h4 Rfe8 16. Ng5 Nb8 17. Re1 Nbd7 18. a3 Nf8 19. Nge4 Nxe4 20. Nxe4 Bd5 21.
Nd2 Nd7 22. Nf1 Bc4 23. Ne3 Bxd3 24. Qxd3 d5 25. h5 h6 26. Qe2 Bd6 27. Bxd6
Qxd6 28. g3 Nf6 29. Kg2 Ne4 30. Ng4 f6 31. Ne3 f5 32. Nf1 f4 33. Nd2 f3+ 34.
Nxf3 Rf8 35. Rf1 Qe7 36. Nd2 Nxd2 37. Qxd2 Rf5 38. Qe2 e5 39. dxe5 Rxe5 40. Qd1
Re8 41. Rc2 Qf7 42. Rh1 Qf5 43. Rd2 Qe4+ 44. Qf3 Qc4 45. Rh4 Qc6 46. Rf4 Qe6
47. Rd3 Kh7 48. Rdd4 Rd8 49. Rf7 Kg8 50. Rdf4 Qd6 51. Rg4 Rg5 52. Rxg5 hxg5 53.
Rf5 Qh6 54. Rxd5 Rf8 55. Rf5 Rxf5 56. Qxf5 Qxh5 57. Qe6+ Kf8 58. g4 Qh4 59. b3
g6 60. Qf6+ 1-0

[Event "FESTIVAL DE AJEDREZ DE ROQUETAS DE MAR |"]
[Site "Hotel Bahia Serena (Roquetas d"]
[Date "2013.01.04"]
[Round "5"]
[White "MIRZOEV, Azer"]
[Black "CAMACHO COLLADOS, Marcos"]
[Result "1-0"]
[WhiteElo "2547"]
[BlackElo "2428"]
[PlyCount "65"]
[EventDate "2013.01.02"]
[EventRounds "9"]
[EventCountry "ESP"]

1. d4 Nf6 2. Nf3 g6 3. g3 Bg7 4. Bg2 O-O 5. O-O d6 6. b3 a5 7. Bb2 c6 8. Nbd2
Qc7 9. e4 Nfd7 10. Re1 Na6 11. a3 Re8 12. e5 dxe5 13. dxe5 Nac5 14. h4 Nf8 15.
Qe2 b6 16. h5 Bg4 17. hxg6 hxg6 18. Qc4 Bf5 19. Nf1 Nfe6 20. Nh4 Rad8 21. Nxf5
gxf5 22. Qh4 Nf8 23. Ne3 Ng6 24. Qg5 f4 25. Ng4 Ne6 26. Qh5 b5 27. Be4 Ngf8 28.
Bc1 fxg3 29. fxg3 f6 30. Bh6 Qb6+ 31. Be3 Qc7 32. Re2 fxe5 33. Rf1 1-0

[Event "FESTIVAL DE AJEDREZ DE ROQUETAS DE MAR |"]
[Site "Hotel Bahia Serena (Roquetas d"]
[Date "2013.01.04"]
[Round "5"]
[White "LOPEZ MARTINEZ, Josep Manuel"]
[Black "NIKOLOV, Momchil"]
[Result "1-0"]
[WhiteElo "2499"]
[BlackElo "2545"]
[PlyCount "97"]
[EventDate "2013.01.02"]
[EventRounds "9"]
[EventCountry "ESP"]

1. e4 c5 2. Nf3 e6 3. Nc3 a6 4. g3 b5 5. Bg2 Bb7 6. d3 d6 7. O-O Nf6 8. Ng5 h6
9. Nh3 Nc6 10. f4 b4 11. Na4 Be7 12. Kh1 Nd7 13. c3 Nb6 14. Be3 Nxa4 15. Qxa4
Qd7 16. d4 cxd4 17. cxd4 d5 18. exd5 exd5 19. f5 Rd8 20. Nf4 Na7 21. Qc2 O-O
22. Nh5 f6 23. Rf4 Rf7 24. Rg4 Kh7 25. Rg6 Nc8 26. Rf1 Nd6 27. Bh3 Bf8 28. Nf4
Ne4 29. Ne6 Re8 30. Qd1 Ng5 31. Qh5 Kg8 32. Bxg5 hxg5 33. Bg4 Bc6 34. h4 gxh4
35. Qxh4 Bb5 36. Rf2 Rc8 37. Bh5 Bd3 38. Rg4 Bxf5 39. Rxf5 Qxe6 40. Rf1 g5 41.
Bxf7+ Qxf7 42. Qh3 Qg6 43. Rxg5 fxg5 44. Qxc8 Qe4+ 45. Kg1 Qe3+ 46. Kg2 Qe4+
47. Rf3 Qe2+ 48. Rf2 Qe4+ 49. Kh3 1-0

[Event "FESTIVAL DE AJEDREZ DE ROQUETAS DE MAR |"]
[Site "Hotel Bahia Serena (Roquetas d"]
[Date "2013.01.04"]
[Round "5"]
[White "IBARRA JEREZ, Jose Carlos"]
[Black "JANEV, Tihomir"]
[Result "1/2-1/2"]
[WhiteElo "2538"]
[BlackElo "2413"]
[PlyCount "53"]
[EventDate "2013.01.02"]
[EventRounds "9"]
[EventCountry "ESP"]

1. e4 c6 2. Nc3 d5 3. Nf3 Bg4 4. h3 Bxf3 5. Qxf3 e6 6. d4 Nf6 7. Bg5 dxe4 8.
Nxe4 Nbd7 9. O-O-O Be7 10. Nxf6+ Nxf6 11. Kb1 Qd5 12. Qxd5 Nxd5 13. Bc1 b5 14.
c3 Kd7 15. Be2 a5 16. Rd3 Bd6 17. Bf3 a4 18. Bd2 Ra6 19. Rc1 Rb8 20. g3 Be7 21.
Bg2 h5 22. h4 Bf6 23. Be4 Be7 24. Bg2 Bf6 25. Be4 Be7 26. Bg2 Bf6 27. Be4
1/2-1/2

[Event "FESTIVAL DE AJEDREZ DE ROQUETAS DE MAR |"]
[Site "Hotel Bahia Serena (Roquetas d"]
[Date "2013.01.04"]
[Round "5"]
[White "DEL RIO DE ANGELIS, Salvador G"]
[Black "PEREZ MITJANS, Orelvis"]
[Result "1/2-1/2"]
[WhiteElo "2471"]
[BlackElo "2496"]
[PlyCount "117"]
[EventDate "2013.01.02"]
[EventRounds "9"]
[EventCountry "ESP"]

1. d4 Nf6 2. c4 g6 3. Nc3 Bg7 4. e4 d6 5. f3 O-O 6. Be3 c5 7. Nge2 Nc6 8. d5
Ne5 9. Ng3 e6 10. Be2 exd5 11. cxd5 h5 12. O-O a6 13. a4 Re8 14. Qd2 Rb8 15.
Bg5 Qa5 16. f4 Ned7 17. Kh1 Nh7 18. Bh4 Qb4 19. Bxh5 gxh5 20. Nxh5 Ndf6 21.
Nxg7 Kxg7 22. Bxf6+ Nxf6 23. f5 Nh7 24. Qf4 Qb6 25. Rf3 Qd8 26. Rh3 Qf6 27. Rf1
Rg8 28. Rff3 Rh8 29. Rfg3+ Kf8 30. Rh6 Qe5 31. Qxe5 dxe5 32. Rgh3 Kg7 33. f6+
Kg8 34. Rg3+ Kf8 35. d6 b5 36. axb5 axb5 37. Nd5 Bb7 38. Ne7 Bxe4 39. Rh4 Rd8
40. Rxe4 Rxd6 41. h3 Nxf6 42. Rxe5 c4 43. Nf5 Rd8 44. Rxb5 Rh5 45. Kh2 Ne4 46.
Re3 Nf6 47. Rc3 Ng4+ 48. Kg3 Nh6 49. Nd4 Rxb5 50. Nxb5 Rb8 51. Nd6 Rxb2 52.
Rxc4 Ke7 53. Rc6 Kf8 54. Nc4 Rc2 55. Ne5 Nf5+ 56. Kg4 Ne3+ 57. Kf3 Nxg2 58.
Rxc2 Ne1+ 59. Ke4 1/2-1/2

[Event "FESTIVAL DE AJEDREZ DE ROQUETAS DE MAR |"]
[Site "Hotel Bahia Serena (Roquetas d"]
[Date "2013.01.04"]
[Round "5"]
[White "ANAYA LOPEZ, Victor Jose"]
[Black "ROY CHOWDHURY, Saptarshi"]
[Result "0-1"]
[WhiteElo "2158"]
[BlackElo "2451"]
[PlyCount "102"]
[EventDate "2013.01.02"]
[EventRounds "9"]
[EventCountry "ESP"]

1. e4 c5 2. Nf3 Nc6 3. d4 cxd4 4. Nxd4 e5 5. Nb5 d6 6. N1c3 a6 7. Na3 Be7 8.
Nc4 b5 9. Ne3 Nf6 10. Ned5 O-O 11. g3 Be6 12. Bg2 Rc8 13. Be3 Bxd5 14. Nxd5
Nxd5 15. exd5 Na5 16. b3 Bg5 17. Bxg5 Qxg5 18. Qd2 Qd8 19. a4 b4 20. Qxb4 Rxc2
21. O-O Qc7 22. Be4 Rc3 23. Rab1 Rb8 24. Qa3 Rbxb3 25. Rxb3 Rxb3 26. Rc1 Rxa3
27. Rxc7 g6 28. Kg2 Rxa4 29. Bd3 Rd4 30. Bxa6 Rxd5 31. Ra7 Rc5 32. h4 Kg7 33.
g4 h6 34. h5 gxh5 35. gxh5 e4 36. Be2 Nc6 37. Rd7 Rg5+ 38. Kh3 d5 39. Rd6 Nd4
40. Bg4 Re5 41. Rd7 Kf6 42. Rd6+ Ne6 43. Kg3 Rg5 44. Rd7 Nc5 45. Rd6+ Ke5 46.
Rxh6 f5 47. Rg6 Rxg4+ 48. Rxg4 fxg4 49. h6 Kf6 50. Kxg4 d4 51. Kf4 Kg6 0-1

[Event "FESTIVAL DE AJEDREZ DE ROQUETAS DE MAR |"]
[Site "Hotel Bahia Serena (Roquetas d"]
[Date "2013.01.04"]
[Round "5"]
[White "BELEZKY, Alexander"]
[Black "CLAROS EGEA, Christian"]
[Result "1-0"]
[WhiteElo "2427"]
[BlackElo "2231"]
[PlyCount "89"]
[EventDate "2013.01.02"]
[EventRounds "9"]
[EventCountry "ESP"]

1. Nf3 d5 2. b3 Nf6 3. Bb2 c6 4. g3 Bg4 5. Bg2 Nbd7 6. O-O Bxf3 7. exf3 e6 8.
f4 Bd6 9. d3 O-O 10. Re1 Qc7 11. Nd2 e5 12. fxe5 Bxe5 13. Bxe5 Nxe5 14. d4 Ned7
15. c4 Rfe8 16. Qc2 Qd6 17. Qb2 Rxe1+ 18. Rxe1 Re8 19. Rxe8+ Nxe8 20. cxd5 cxd5
21. Nf1 Nb8 22. Ne3 Nc7 23. Qc2 Nc6 24. Qf5 Ne7 25. Qe5 Qxe5 26. dxe5 f6 27.
exf6 gxf6 28. Kf1 Kf7 29. Ke2 Ke6 30. Bh3+ Kd6 31. Nf5+ Nxf5 32. Bxf5 h6 33.
Kd3 a5 34. h4 Na6 35. Kd4 Nb4 36. Bb1 Nc6+ 37. Ke3 b5 38. f4 b4 39. g4 Ne7 40.
Bh7 d4+ 41. Kxd4 Nd5 42. g5 fxg5 43. fxg5 hxg5 44. hxg5 Nc3 45. g6 1-0

[Event "FESTIVAL DE AJEDREZ DE ROQUETAS DE MAR |"]
[Site "Hotel Bahia Serena (Roquetas d"]
[Date "2013.01.05"]
[Round "6"]
[White "PLASKETT, H James"]
[Black "MIRZOEV, Azer"]
[Result "1-0"]
[WhiteElo "2495"]
[BlackElo "2547"]
[PlyCount "137"]
[EventDate "2013.01.02"]
[EventRounds "9"]
[EventCountry "ESP"]

1. e4 e5 2. Nf3 Nc6 3. Bb5 Nf6 4. O-O Nxe4 5. d4 Nd6 6. Bxc6 dxc6 7. dxe5 Nf5
8. Qxd8+ Kxd8 9. Rd1+ Ke8 10. Nc3 h6 11. h3 Ne7 12. Nd4 Bd7 13. Bf4 Ng6 14. Bg3
Rd8 15. e6 Bxe6 16. Bxc7 Rd7 17. Nxe6 fxe6 18. Bb8 a6 19. Rxd7 Kxd7 20. Rd1+
Kc8 21. Bg3 Be7 22. Re1 Nf8 23. Ne4 g5 24. Nd6+ Bxd6 25. Bxd6 Kd7 26. Rd1 Kc8
27. Re1 Kd7 28. Rd1 Kc8 29. Be7 Ng6 30. Bf6 Re8 31. Bg7 h5 32. Bh6 g4 33. hxg4
hxg4 34. Rd4 g3 35. fxg3 e5 36. Rd6 Rg8 37. g4 Nf4 38. Kf2 Rxg4 39. Kf3 Rg8 40.
Bxf4 exf4 41. Rd2 Kc7 42. Kxf4 Rf8+ 43. Kg5 Rg8+ 44. Kf5 Rf8+ 45. Ke4 Re8+ 46.
Kf3 Rf8+ 47. Ke2 Rg8 48. Kf2 Rf8+ 49. Kg1 Rg8 50. Rd3 b5 51. g3 a5 52. Kf2 Kb6
53. Rd2 a4 54. a3 c5 55. Rd6+ Kc7 56. Re6 b4 57. Re4 Rb8 58. Ke3 Kc6 59. g4 Kd5
60. g5 c4 61. Rd4+ Kc5 62. g6 c3 63. axb4+ Kb6 64. bxc3 a3 65. Rd6+ Kb7 66. Rd1
Kc6 67. Ra1 Rg8 68. Rxa3 Rxg6 69. Kd3 1-0

[Event "FESTIVAL DE AJEDREZ DE ROQUETAS DE MAR |"]
[Site "Hotel Bahia Serena (Roquetas d"]
[Date "2013.01.05"]
[Round "6"]
[White "KHAMRAKULOV, Ibragim S"]
[Black "LOPEZ MARTINEZ, Josep Manuel"]
[Result "1/2-1/2"]
[WhiteElo "2509"]
[BlackElo "2499"]
[PlyCount "57"]
[EventDate "2013.01.02"]
[EventRounds "9"]
[EventCountry "ESP"]

1. e4 c5 2. c3 d5 3. exd5 Qxd5 4. d4 Nc6 5. Be3 cxd4 6. cxd4 e6 7. Nc3 Bb4 8.
Nf3 Nf6 9. Bd3 O-O 10. O-O Qa5 11. Qc2 Be7 12. a3 Bd7 13. Ne4 Nxe4 14. Bxe4 Qh5
15. Rad1 Rac8 16. d5 Na5 17. Qb1 b6 18. dxe6 Bxe6 19. Nd4 Bd7 20. Nf5 Bxf5 21.
Bxf5 Rcd8 22. Bd4 Nc6 23. Bc3 Bd6 24. h3 Be5 25. Bg4 Qg6 26. Bf5 Qh5 27. Bg4
Qg6 28. Bf5 Qh5 29. Bg4 1/2-1/2

[Event "FESTIVAL DE AJEDREZ DE ROQUETAS DE MAR |"]
[Site "Hotel Bahia Serena (Roquetas d"]
[Date "2013.01.05"]
[Round "6"]
[White "GARCIA RODRIGUEZ, Victor"]
[Black "IBARRA JEREZ, Jose Carlos"]
[Result "0-1"]
[WhiteElo "2199"]
[BlackElo "2538"]
[PlyCount "136"]
[EventDate "2013.01.02"]
[EventRounds "9"]
[EventCountry "ESP"]

1. e4 c5 2. Nf3 e6 3. d4 cxd4 4. Nxd4 Qb6 5. Nb3 Qc7 6. Bd3 Nf6 7. O-O d5 8.
exd5 Nxd5 9. Re1 Nc6 10. Qh5 Nf4 11. Bxf4 Qxf4 12. Nc3 Be7 13. Re4 Qf6 14. Re3
g6 15. Qe2 O-O 16. Re1 Rd8 17. Rf3 Qg7 18. Be4 Bd7 19. Rd1 Be8 20. Rxd8 Rxd8
21. Rd3 Rxd3 22. Qxd3 Qe5 23. Qb5 Qc7 24. Qc4 Qd8 25. Bxc6 Bxc6 26. Qd4 a6 27.
Qxd8+ Bxd8 28. Nd4 Bd7 29. Kf1 Bc7 30. Ke2 f5 31. g3 e5 32. Nd5 Bd8 33. Nb3
Bb5+ 34. Ke1 Kf7 35. Nc3 Bc6 36. Ne2 Bb6 37. f4 Ke6 38. fxe5 Kxe5 39. Nd2 Bd5
40. Nf4 Bf7 41. Nd3+ Kd6 42. Ke2 g5 43. Nf3 Bh5 44. Nde1 h6 45. Kd3 Bf2 46. Kd2
Kd5 47. Kd3 b5 48. a3 f4 49. gxf4 g4 50. Ke2 Bc5 51. Ne5 Bg1 52. Kf1 Bxh2 53.
N5d3 Ke4 54. Nc5+ Kxf4 55. Nxa6 Ke3 56. Kg2 Bd6 57. Nd3 Bg6 58. Nac5 Kd2 59. b4
Kxc2 60. Nf2 Bxc5 61. bxc5 Bf5 62. Kg3 h5 63. Kf4 Bd7 64. Ne4 Kb3 65. Nf6 Bc8
66. Nd5 Kxa3 67. c6 b4 68. Nb6 b3 0-1

[Event "FESTIVAL DE AJEDREZ DE ROQUETAS DE MAR |"]
[Site "Hotel Bahia Serena (Roquetas d"]
[Date "2013.01.05"]
[Round "6"]
[White "JANEV, Tihomir"]
[Black "ENCHEV, Ivajlo"]
[Result "1/2-1/2"]
[WhiteElo "2413"]
[BlackElo "2429"]
[PlyCount "156"]
[EventDate "2013.01.02"]
[EventRounds "9"]
[EventCountry "ESP"]

1. c4 Nf6 2. Nf3 c6 3. d4 d5 4. e3 e6 5. Bd3 dxc4 6. Bxc4 Nbd7 7. O-O Bd6 8. b3
O-O 9. Ba3 Bxa3 10. Nxa3 b6 11. Bd3 c5 12. Nc4 Qe7 13. e4 cxd4 14. e5 Nd5 15.
Nxd4 Bb7 16. Qg4 Rad8 17. Rad1 Nc5 18. Nd6 f5 19. Qg3 Nc3 20. Rd2 N3e4 21. Bxe4
Nxe4 22. Nxe4 Bxe4 23. Rfd1 a6 24. h4 Bb7 25. Qg5 Qxg5 26. hxg5 Rde8 27. f4 Rf7
28. Nc2 Rc7 29. Ne3 b5 30. Rd7 Re7 31. Rxe7 Rxe7 32. Kf2 Rc7 33. Rd6 Kf7 34.
Ke2 Ke7 35. Kd2 h6 36. gxh6 gxh6 37. g4 fxg4 38. Nxg4 h5 39. Nh6 Be4 40. Ng8+
Kf7 41. Nf6 Bg6 42. Ke3 h4 43. Kf3 Bf5 44. Rd7+ Rxd7 45. Nxd7 Ke7 46. Nb8 a5
47. Nc6+ Kd7 48. Nd4 Bd3 49. a3 b4 50. axb4 axb4 51. Kg4 Be4 52. Kxh4 Ke7 53.
Kg5 Kf7 54. Nb5 Bd5 55. Nd4 Be4 56. Kh6 Bd5 57. Nc2 Bxb3 58. Nxb4 Bc4 59. Nc6
Bd5 60. Nd4 Bb7 61. Nb5 Bf3 62. Nd6+ Ke7 63. Kg7 Kd7 64. Kf6 Bg4 65. Ne4 Kc6
66. Ng5 Kd5 67. Nf7 Ke4 68. Kg5 Bd1 69. Nd6+ Ke3 70. Nb7 Kd4 71. Nd8 Kd5 72.
Kf6 Bg4 73. Nxe6 Bxe6 74. f5 Bg8 75. e6 Kd6 76. e7 Kd7 77. Kg7 Kxe7 78. f6+ Ke6
1/2-1/2

[Event "FESTIVAL DE AJEDREZ DE ROQUETAS DE MAR |"]
[Site "Hotel Bahia Serena (Roquetas d"]
[Date "2013.01.05"]
[Round "6"]
[White "ARANAZ MURILLO, Amalia"]
[Black "NARCISO DUBLAN, Marc"]
[Result "0-1"]
[WhiteElo "2251"]
[BlackElo "2549"]
[PlyCount "44"]
[EventDate "2013.01.02"]
[EventRounds "9"]
[EventCountry "ESP"]

1. Nf3 d5 2. d4 Nf6 3. c4 e6 4. g3 g6 5. Bg2 Bg7 6. O-O O-O 7. Nc3 Nbd7 8. cxd5
exd5 9. Bf4 Nb6 10. Rc1 c6 11. b4 Ne4 12. Na4 g5 13. Be3 Nc4 14. Nc5 Nxe3 15.
fxe3 Nd6 16. Rc3 Qe7 17. Ne1 Re8 18. Qd3 Bg4 19. a4 Bh5 20. b5 Bg6 21. Qd1 cxb5
22. Bxd5 Rac8 0-1